[Event "GER Seniors Derby 17th"]
[Site "Wesel Undeloh"]
[Date "2018.03.16"]
[Round "4"]
[White "Deutschmann, Matthias"]
[Black "Scholz, Christophorus"]
[Result "1-0"]
[WhiteElo "2165"]
[BlackElo "1986"]
[PlyCount "70"]
[EventDate "2018.03.15"]
[EventType "swiss"]
[EventRounds "7"]
[EventCountry "GER"]
[SourceTitle "EXT 2019"]
[Source "ChessBase"]
[SourceDate "2018.10.10"]
[SourceVersion "1"]
[SourceVersionDate "2018.10.10"]
[SourceQuality "1"]

1. c4 Nf6 2. Nc3 d6 3. g3 e5 4. Bg2 Be7 5. Nf3 c6 6. d4 Nbd7 7. 0-0 0-0 8. Qc2 Qc7 9. b3 Re8 10. Bb2 Bf8 11. Rac1 g6 12. e3 Nh5 13. Rfd1 f5 14. c5 dxc5 15. Nxe5 cxd4 16. exd4 Nxe5 17. dxe5 Qxe5 18. Ne4 Qe7 19. Nd6 Rd8 20. Re1 Rxd6 21. Rxe7 Bxe7 22. Re1 Re6 23. Rd1 Kf7 24. a4 Rd6 25. Rxd6 Bxd6 26. Qd2 Be7 27. Bf3 Nf6 28. Qc3 Be6 29. b4 Rc8 30. Be2 h5 31. Bc4 a6 32. b5 axb5 33. axb5 Bxc4 34. Qxc4+ Nd5 35. Qb3 Ke6 1-0

[Event "GER Seniors Derby 17th"]
[Site "Wesel Undeloh"]
[Date "2018.03.15"]
[Round "2"]
[White "Albert, Gerhard"]
[Black "Scholz, Christophorus"]
[Result "0-1"]
[WhiteElo "1849"]
[BlackElo "1986"]
[PlyCount "120"]
[EventDate "2018.03.15"]
[EventType "swiss"]
[EventRounds "7"]
[EventCountry "GER"]
[SourceTitle "EXT 2019"]
[Source "ChessBase"]
[SourceDate "2018.10.10"]
[SourceVersion "1"]
[SourceVersionDate "2018.10.10"]
[SourceQuality "1"]

1. e4 d6 2. d4 Nf6 3. Nc3 Nbd7 4. Nf3 e5 5. Be2 c6 6. 0-0 b5 7. Bg5 Be7 8. Bd3 Bb7 9. Ne2 h6 10. Bd2 0-0 11. Ng3 Re8 12. c3 Bf8 13. Re1 a6 14. Rc1 c5 15. d5 Nb6 16. b3 Bc8 17. h3 g6 18. Bb1 Bg7 19. Be3 Nh7 20. Qd2 h5 21. Bh6 Qf6 22. Nh2 Bxh6 23. Qxh6 Nd7 24. Qe3 Qf4 25. Qxf4 exf4 26. Ne2 g5 27. Nf1 Ne5 28. Nd2 Nf8 29. Kh2 Nfg6 30. Rg1 Kg7 31. f3 Kh6 32. Rcf1 Rg8 33. g3 Bd7 34. Rg2 Rg7 35. Bc2 Rag8 36. Rff2 fxg3+ 37. Rxg3 Nf4 38. Nxf4 gxf4 39. Rxg7 Rxg7 40. Nf1 Rg6 41. Bd1 Kg5 42. Be2 Kh4 43. a4 bxa4 44. bxa4 a5 45. Bb5 Bxh3 46. Nd2 Rg3 47. Be2 Bd7 48. Nb3 Bxa4 49. Nxa5 Kg5 50. Nb7 Kf6 51. Nxd6 Bc2 52. Nb7 c4 53. Bxc4 Nxf3+ 54. Rxf3 Rxf3 55. Bb5 Bxe4 56. c4 Rb3 57. Nc5 Rb2+ 58. Kg1 Bxd5 59. cxd5 Rxb5 60. Ne4+ Ke5 0-1